The Valuation Office code of measuring practice for rating purposes in England and Wales (Record no. 93758)

MARC details
000 -LEADER
fixed length control field 00634cam a2200229 4500
001 - CONTROL NUMBER
control field B3488
008 - FIXED-LENGTH DATA ELEMENTS--GENERAL INFORMATION
fixed length control field 090401t1991 xxu||||| |||| 00| 0 eng d
035 ## - SYSTEM CONTROL NUMBER
System control number (Sirsi) u56263
041 ## - LANGUAGE CODE
Language code of text/sound track or separate title eng
050 ## - LIBRARY OF CONGRESS CALL NUMBER
Classification number 692.3
110 ## - MAIN ENTRY--CORPORATE NAME
Corporate name or jurisdiction name as entry element Valuation Office
9 (RLIN) 264
245 #4 - TITLE STATEMENT
Title The Valuation Office code of measuring practice for rating purposes in England and Wales
260 ## - PUBLICATION, DISTRIBUTION, ETC.
Place of publication, distribution, etc. London
Name of publisher, distributor, etc. Valuation Office
Date of publication, distribution, etc. 1991
300 ## - PHYSICAL DESCRIPTION
Extent 27p.
Other physical details ill.
Dimensions 30cm.
350 ## - PRICE (NR) (BK AM CF MU VM SE) [OBSOLETE]
Price 0
650 ## - SUBJECT ADDED ENTRY--TOPICAL TERM
Topical term or geographic name entry element GROSS EXTERNAL AREA
650 ## - SUBJECT ADDED ENTRY--TOPICAL TERM
Topical term or geographic name entry element GROSS INTERNAL AREA
650 ## - SUBJECT ADDED ENTRY--TOPICAL TERM
Topical term or geographic name entry element NET INTERNAL AREA
690 ## - LOCAL SUBJECT ADDED ENTRY--TOPICAL TERM (OCLC, RLIN)
Topical term or geographic name as entry element RATING AND LOCAL TAXATION
942 ## - ADDED ENTRY ELEMENTS (KOHA)
Suppress in OPAC 0
948 ## - LOCAL PROCESSING INFORMATION (OCLC); SERIES PART DESIGNATOR (RLIN)
c (OCLC) 04/03/1997
Holdings
Withdrawn status Lost status Source of classification or shelving scheme Damaged status Not for loan Home library Current library Shelving location Date acquired Total Checkouts Full call number Barcode Date last seen Copy number Price effective from Koha item type
    Dewey Decimal Classification     London London Basement 03/01/1992   SHELF 328 30018256 06/08/2019 2 06/08/2019 Book